| 000 | 00907nam a22002777a 4500 | ||
|---|---|---|---|
| 001 | BR7701616 | ||
| 003 | BR-BrBNA | ||
| 005 | 20230928085225.0 | ||
| 007 | ta | ||
| 008 | 230509b bl.||||| |||| 00| 0 por d | ||
| 040 |
_aBR-BrBNA _bpor _cBiblioteca Nacional de Agricultura |
||
| 041 | _a(Por) | ||
| 072 |
_aF22 _b0230 |
||
| 090 | _ 0230 BR7701616 | ||
| 100 | 1 | _aBacchi, O.O.S. | |
| 110 | 1 |
_aEscola Superior de Agricultura Luiz de Queiroz, Piracicaba, SP (Brasil) _0Tese (Mestrado) |
|
| 245 | 1 | _aEfeitos da compactacao sobre o sistema solo-planta em cultura de cana-de-acucar (Saccharum spp) | |
| 260 | 3 |
_aPiracicaba, SP (Brasil): _c1976. |
|
| 300 | _a67 p. | ||
| 500 | _a14 tables; Bibliography (55 ref.); Summaries (Eng, Por); Microficha | ||
| 650 | _aCana de acucar | ||
| 650 | _aCompactacao do solo | ||
| 650 | _aRelacao solo-planta | ||
| 909 |
_a202309 _bLucia _c55 _dLucia Elande |
||
| 942 | _cBK | ||
| 999 |
_c23362 _d23362 |
||